<?xml version="1.0" encoding="UTF-8"?>
<record
    xmlns:xsi="http://www.w3.org/2001/XMLSchema-instance"
    xsi:schemaLocation="http://www.loc.gov/MARC21/slim http://www.loc.gov/standards/marcxml/schema/MARC21slim.xsd"
    xmlns="http://www.loc.gov/MARC21/slim">

  <leader>03168cam a22005894a 4500</leader>
  <datafield tag="999" ind1=" " ind2=" ">
    <subfield code="c">1332</subfield>
    <subfield code="d">1332</subfield>
  </datafield>
  <controlfield tag="001">4621430</controlfield>
  <controlfield tag="003">OSt</controlfield>
  <controlfield tag="005">20210625094033.0</controlfield>
  <controlfield tag="007">co cgu---uuuuu</controlfield>
  <controlfield tag="008">010712s2002    nyua          001 0 eng  </controlfield>
  <datafield tag="010" ind1=" " ind2=" ">
    <subfield code="a">  2001042520</subfield>
  </datafield>
  <datafield tag="015" ind1=" " ind2=" ">
    <subfield code="a">GBA412038</subfield>
    <subfield code="2">bnb</subfield>
  </datafield>
  <datafield tag="016" ind1="7" ind2=" ">
    <subfield code="a">101205559</subfield>
    <subfield code="2">DNLM</subfield>
  </datafield>
  <datafield tag="020" ind1=" " ind2=" ">
    <subfield code="a">0766827577</subfield>
  </datafield>
  <datafield tag="020" ind1=" " ind2=" ">
    <subfield code="a">9780766827578</subfield>
  </datafield>
  <datafield tag="035" ind1=" " ind2=" ">
    <subfield code="a">(OCoLC)47521356</subfield>
    <subfield code="z">(OCoLC)48838387</subfield>
    <subfield code="z">(OCoLC)82359968</subfield>
    <subfield code="z">(OCoLC)877645681</subfield>
    <subfield code="z">(OCoLC)906865807</subfield>
    <subfield code="z">(OCoLC)968510482</subfield>
    <subfield code="z">(OCoLC)982578260</subfield>
    <subfield code="z">(OCoLC)1114477661</subfield>
    <subfield code="z">(OCoLC)1191308987</subfield>
    <subfield code="z">(OCoLC)1200929312</subfield>
    <subfield code="z">(OCoLC)1200984959</subfield>
    <subfield code="z">(OCoLC)1200985423</subfield>
    <subfield code="z">(OCoLC)1227828930</subfield>
  </datafield>
  <datafield tag="035" ind1=" " ind2=" ">
    <subfield code="a">ucoclc47521356</subfield>
  </datafield>
  <datafield tag="035" ind1=" " ind2=" ">
    <subfield code="a">4621430</subfield>
  </datafield>
  <datafield tag="040" ind1=" " ind2=" ">
    <subfield code="a">DLC</subfield>
    <subfield code="b">eng</subfield>
    <subfield code="c">DLC</subfield>
    <subfield code="d">C#P</subfield>
    <subfield code="d">NFP</subfield>
    <subfield code="d">NLM</subfield>
    <subfield code="d">UKM</subfield>
    <subfield code="d">BAKER</subfield>
    <subfield code="d">YDXCP</subfield>
    <subfield code="d">OCLCG</subfield>
    <subfield code="d">IG#</subfield>
    <subfield code="d">BWX</subfield>
    <subfield code="d">BTCTA</subfield>
    <subfield code="d">NEG</subfield>
    <subfield code="d">OCLCO</subfield>
    <subfield code="d">OCLCF</subfield>
    <subfield code="d">OCLCQ</subfield>
    <subfield code="d">WBT</subfield>
    <subfield code="d">OCLCQ</subfield>
    <subfield code="d">MYUKM</subfield>
    <subfield code="d">OCLCQ</subfield>
    <subfield code="d">OCLCO</subfield>
    <subfield code="d">OCLCA</subfield>
    <subfield code="d">OCLCQ</subfield>
    <subfield code="d">GBD</subfield>
  </datafield>
  <datafield tag="042" ind1=" " ind2=" ">
    <subfield code="a">pcc</subfield>
  </datafield>
  <datafield tag="050" ind1="1" ind2="0">
    <subfield code="a">QM23.2</subfield>
    <subfield code="b">.S367 2002</subfield>
  </datafield>
  <datafield tag="060" ind1="0" ind2="0">
    <subfield code="a">2004 B-248</subfield>
  </datafield>
  <datafield tag="060" ind1="1" ind2="0">
    <subfield code="a">QS 4</subfield>
    <subfield code="b">S425f 2002</subfield>
  </datafield>
  <datafield tag="082" ind1="0" ind2="0">
    <subfield code="a">612</subfield>
    <subfield code="2">21</subfield>
  </datafield>
  <datafield tag="100" ind1="1" ind2=" ">
    <subfield code="a">Scott, Ann Senisi,</subfield>
    <subfield code="d">1935-</subfield>
  </datafield>
  <datafield tag="245" ind1="1" ind2="0">
    <subfield code="a">Functional anatomy for emergency medical services /</subfield>
    <subfield code="c">Ann Senisi Scott, Elizabeth Fong ; edited by Richard W.O. Beebe.</subfield>
  </datafield>
  <datafield tag="246" ind1="3" ind2=" ">
    <subfield code="a">Emergency medical services</subfield>
  </datafield>
  <datafield tag="260" ind1=" " ind2=" ">
    <subfield code="a">Clifton Park, NY :</subfield>
    <subfield code="b">Delmar,</subfield>
    <subfield code="c">&#xFFFD;2002.</subfield>
  </datafield>
  <datafield tag="300" ind1=" " ind2=" ">
    <subfield code="a">xiii, 450 pages :</subfield>
    <subfield code="b">color illustrations ;</subfield>
    <subfield code="c">26 cm +</subfield>
    <subfield code="e">1 CD-ROM (4 3/4 in.)</subfield>
  </datafield>
  <datafield tag="336" ind1=" " ind2=" ">
    <subfield code="a">text</subfield>
    <subfield code="b">txt</subfield>
    <subfield code="2">rdacontent</subfield>
  </datafield>
  <datafield tag="337" ind1=" " ind2=" ">
    <subfield code="a">unmediated</subfield>
    <subfield code="b">n</subfield>
    <subfield code="2">rdamedia</subfield>
  </datafield>
  <datafield tag="338" ind1=" " ind2=" ">
    <subfield code="a">volume</subfield>
    <subfield code="b">nc</subfield>
    <subfield code="2">rdacarrier</subfield>
  </datafield>
  <datafield tag="500" ind1=" " ind2=" ">
    <subfield code="a">Includes index.</subfield>
  </datafield>
  <datafield tag="504" ind1=" " ind2=" ">
    <subfield code="a">Book is accompanied by one CD bearing the same call number and available at Makmal Multimedia, Perpustakaan Perubatan.</subfield>
  </datafield>
  <datafield tag="505" ind1="0" ind2=" ">
    <subfield code="a">How to Study Using Functional Anatomy for Emergency Medical Services -- How to use the Student Activity CD-ROM -- 1. Introduction to the Structural Units -- 2. Chemistry of Living Things -- 3. Cells -- 4. Tissues and Membranes -- 5. Integumentary System -- 6. Skeletal System -- 7. Muscular System -- 8. Brain and Central Nervous System -- 9. The Peripheral and Autonomic Nervous Systems -- 10. Special Senses -- 11. Endocrine System -- 12. Blood -- 13. Heart -- 14. Circulation and Blood Vessels -- 15. The Lymphatic System and Immunity -- 16. Respiratory System -- 17. Digestive System -- 18. Nutrition -- 19. Urinary/Excretory System -- 20. Reproductive System -- 21. Genetics and Genetically Linked Diseases.</subfield>
  </datafield>
  <datafield tag="538" ind1=" " ind2=" ">
    <subfield code="a">System requirements: Microsoft Windows 95 or better; 486 Mhz CPU (Pentium recommended); 16 MB or more RAM; double-spin CD-ROM drive; 10 MB or more free hard drive space; 256 color display or better.</subfield>
  </datafield>
  <datafield tag="650" ind1=" " ind2="0">
    <subfield code="a">Human anatomy.</subfield>
  </datafield>
  <datafield tag="650" ind1=" " ind2="0">
    <subfield code="a">Human physiology.</subfield>
  </datafield>
  <datafield tag="650" ind1=" " ind2="0">
    <subfield code="a">Emergency medical technicians.</subfield>
  </datafield>
  <datafield tag="650" ind1="1" ind2="2">
    <subfield code="a">Anatomy.</subfield>
  </datafield>
  <datafield tag="650" ind1="2" ind2="2">
    <subfield code="a">Physiology.</subfield>
  </datafield>
  <datafield tag="650" ind1="2" ind2="2">
    <subfield code="a">Emergency Medical Technicians</subfield>
    <subfield code="x">education.</subfield>
  </datafield>
  <datafield tag="650" ind1=" " ind2="7">
    <subfield code="a">Emergency medical technicians.</subfield>
    <subfield code="2">fast</subfield>
    <subfield code="0">(OCoLC)fst00908603</subfield>
  </datafield>
  <datafield tag="650" ind1=" " ind2="7">
    <subfield code="a">Human anatomy.</subfield>
    <subfield code="2">fast</subfield>
    <subfield code="0">(OCoLC)fst00962785</subfield>
  </datafield>
  <datafield tag="650" ind1=" " ind2="7">
    <subfield code="a">Human physiology.</subfield>
    <subfield code="2">fast</subfield>
    <subfield code="0">(OCoLC)fst00963183</subfield>
  </datafield>
  <datafield tag="700" ind1="1" ind2=" ">
    <subfield code="a">Fong, Elizabeth,</subfield>
    <subfield code="d">1947-</subfield>
  </datafield>
  <datafield tag="700" ind1="1" ind2=" ">
    <subfield code="a">Beebe, Richard W. O.</subfield>
  </datafield>
  <datafield tag="910" ind1=" " ind2=" ">
    <subfield code="a">UclaCollMgr MonosBKS19992002 20210421</subfield>
  </datafield>
  <datafield tag="910" ind1=" " ind2=" ">
    <subfield code="a">blr 030102</subfield>
  </datafield>
  <datafield tag="910" ind1=" " ind2=" ">
    <subfield code="a">MARS</subfield>
  </datafield>
  <datafield tag="942" ind1=" " ind2=" ">
    <subfield code="2">lcc</subfield>
    <subfield code="c">BK</subfield>
    <subfield code="n">DO</subfield>
  </datafield>
  <datafield tag="952" ind1=" " ind2=" ">
    <subfield code="0">0</subfield>
    <subfield code="1">0</subfield>
    <subfield code="2">lcc</subfield>
    <subfield code="4">0</subfield>
    <subfield code="7">0</subfield>
    <subfield code="a">MLIB</subfield>
    <subfield code="b">MLIB</subfield>
    <subfield code="c">OS</subfield>
    <subfield code="d">2021-06-25</subfield>
    <subfield code="l">10</subfield>
    <subfield code="o">QM23.2 .S367 2002</subfield>
    <subfield code="p">28003145</subfield>
    <subfield code="r">2024-05-02</subfield>
    <subfield code="s">2024-04-26</subfield>
    <subfield code="w">2021-06-25</subfield>
    <subfield code="y">BK</subfield>
    <subfield code="z">DO</subfield>
  </datafield>
</record>
